Red pública de datos por conmutación de paquetes
محفوظ في:
| المؤلف الرئيسي: | |
|---|---|
| مؤلفون آخرون: | |
| التنسيق: | كتاب |
| منشور في: |
[San José , Costa Rica]
1986
|
| الموضوعات: | |
| الوسوم: |
إضافة وسم
لا توجد وسوم, كن أول من يضع وسما على هذه التسجيلة!
|
MARC
| LEADER | 00000nam a2200000Ia 4500 | ||
|---|---|---|---|
| 003 | 004028 | ||
| 005 | 20231117110705.0 | ||
| 008 | 140114s1986 cr a m 000 ||s d | ||
| 040 | |c cru CEDI | ||
| 090 | |a TFG 1811 | ||
| 100 | |a Estrada Solano, Mario |9 14245 | ||
| 245 | |a Red pública de datos por conmutación de paquetes | ||
| 260 | |a [San José , Costa Rica] |c 1986 | ||
| 300 | |a xiv, 209 hojas : ilustraciones ; 28 cm | ||
| 500 | |a Proyecto de graduación (licenciatura en ingeniería eléctrica)--Universidad de Costa Rica. Facultad de Ingeniería. | ||
| 650 | |x SISTEMAS DE TRANSMISION DE DATOS |9 14247 | ||
| 700 | |9 14246 |a Rojas Marenco, Mario A | ||
| 942 | |c TFG |h TFG 1811 |i 004028 |6 TFG_1811_004028000000000 | ||
| 999 | |c 20957 |d 20957 | ||
